00568 2200205 4500001002100000008004100021035002000062245007000082100001700152250002200169260004200191300002700233020002200260084001600282082001000298650001700308863001500325990001100340990001100351INLIS000000000014728 ind  a0010-1022000046 a50 Wasiat Nabi Sehari-haricIchsan Yuda; penyunting, Erlina Zachi aICHSAN, Yuda aed. Revisi, cet.1 aSurakarta :bPustaka Al-Qudwah,c2018 a111 hal.: ilus.c23 cm a978-602-52175-3-1 a297.2 ICH l a297.2 aISLAM. HADIS aSeri Hadis a9568 a a9568 b